000 00672nam a2200169Ia 4500
003 GCL
008 140319s9999 xx 000 0 ara d
040 _aGCL /
_cGCL
082 0 4 _a813.009
_bع ق
100 1 _aغالب هلسا
245 1 0 _aقراءات فى اعمال يوسف الصايغ , يوسف ادريس , جبرا ابراهيم جبرا , حنا مينة: المومس الفاضلة ومشكلة حرية المرأة (هدية من الاديب عبدالفتاح الجمل) /
_cغالب هلسا
300 _a192 ص
490 _a
650 0 4 _aالادب العربى
650 0 4 _aالقصص العربية - تاريخ ونقد
942 _2ddc
_cBK
999 _c47640
_d47640